Responses for Show #289 - Thursday, October 17, 1985

Contestants

[<< previous game]

Gloria Krauss, a writer and an administrative assistant from Los Angeles, California

Carol Prescott, a media consultant from Santa Monica, California

John Gallogly, an actor originally from Snug Harbor, Rhode Island (whose 1-day cash winnings total $13,200)

[next game >>]

Jeopardy! Round responses

"C" CITIES
AILMENTS
COUNTRY MUSIC
CONGRESS
DOUBLE TALK
LAST LINES
    $100 8
Cape Town

Carol
    $100 19
yellow fever

John
    $100 1
6 years

Gloria
    $100 2
(John: Oh, what is, uh, uh, charity?)

Hush... Hush

JohnGloria
    $100 13
20,000 Leagues Under the Sea

John
    $200 9
Chester

Carol
    $200 22
(Alex: And we've got about a minute to go in the round.)

discs

Carol
    $200 4
slaves

John
    $200 3
(Alex: Married to Terry Bradshaw at one time.)

Jojo

Carol
    $200 14
Little Caesar

Gloria
    $300 10
Chattanooga

John
    $300 23
the appendix

John
    $300 5
(Gloria: Who was the President of Harvard?)
...
(Alex: Yes, nine-year-old boy. Would have been a young president of Harvard, I know, Gloria. Those things happen on this show.)

a page

JohnGloria
    $300 16
bye-bye!

Carol
    $300 15
(John: Who is Carl Sandburg?)

Joyce Kilmer

John
Triple Stumper
    $400 11
Caracas

Carol
    $400 24
Rocky Mountain spotted fever

Gloria
    $400 6
(Carol: What are capital punish, capital crimes?)

causes (grounds) for impeachment

JohnCarol
    $400 17
Lulu

Carol
    $400 20
Mister Roberts

John
    $500 12
Carthage

John
    $500 25
[The end-of-round signal sounds.]

mumps

Gloria
    $500 7
[ERRATUM: The number of votes required for cloture has been ⅗ since 1975.]

a cloture vote

John
    $500 18
Reuben, Reuben

Carol
    $500 21
(Professor) Henry Higgins

Gloria

Scores at the first commercial break (after clue 10):

John Carol Gloria
$1,600 $100 -$100

Scores at the end of the Jeopardy! Round:

John Carol Gloria
$2,700 $1,900 $1,500

Double Jeopardy! Round responses

MOVIE TRIVIA
MAMMALS
1946
OLD TESTAMENT
COSMETICS
SOVIET UNION
    $200 1
the Best Supporting Actor

John
    $200 2
(John: What is hearing?)

vision (sight)

JohnGloria
    $200 13
the GI Bill

Carol
    $200 19
lions

Gloria
    $200 4
nylons

John
    $200 26
the KGB

John
    $400 3
(Gloria: Who is Walter Huston?)

John Huston

CarolGloria
    $400 5
pandas

John
    $400 14
Mickey Spillane

John
    $400 20
Bathsheba

Gloria
    $400 10
dew

John
    $400 27
Afghanistan

John
    $600 8
Earthquake

John
    $600 6
[NOTE: The word "of" appeared in the clue twice on screen.]

whales

John
    $600 15
the League of Nations

Carol
    $600 21
the Philistines

Gloria
    $600 18
lard

Gloria
    $600 28
Stalin

Carol
    $900 11
Fred Astaire & Ginger Rogers

John
    $800 7
armadillos

Gloria
    $800 16
Emperor Hirohito

Carol
    $800 22
virgins

Triple Stumper
    $800 24
(Gloria: What is arsenic?)
...
(Alex: We've got less than a minute to go in the round.)

white lead

Gloria
Triple Stumper
    $800 29
Mexico

Carol
    $1000 12
(Gloria: Who is Ronald Reagan?)

Marlon Brando

JohnGloria
    $1000 9
(giving) birth

Carol
    $1,000 17
Annie Get Your Gun

Carol
    $1000 23
Moses

Gloria
    $1000 25
Estée Lauder

Carol
    $1000 30
(John: Who was Nicholas?)
(Alex: Be more specific.)

Nicholas II

John

Scores at the end of the Double Jeopardy! Round:

John Carol Gloria
$8,800 $8,300 $3,100

[wagering suggestions for these scores]

Final Jeopardy! Round responses

GENERALS
GloriaWho was Custer?
$3,099
CarolWho is Custer
$8,300
JohnWho was Sherman
$7,900
Robert E. Lee

Final scores:

John Carol Gloria
$900 $0 $1
2-day champion: $14,100 3rd place: Ventura luggage set 2nd place: trip to Orlando, Florida

Game dynamics:

Coryat scores:

John Carol Gloria
$8,700 $8,300 $3,100
22 R
(including 1 DD),
3 W
17 R
(including 1 DD),
1 W
13 R
(including 1 DD),
4 W

Combined Coryat: $20,100

[game clues] [game scores] [suggest correction]

Game tape date: 1985-07-30
The J! Archive is created by fans, for fans. Scraping, republication, monetization, and malicious use prohibited; this site may use cookies and collect identifying information. See terms. The Jeopardy! game show and all elements thereof, including but not limited to copyright and trademark thereto, are the property of Jeopardy Productions, Inc. and are protected under law. This website is not affiliated with, sponsored by, or operated by Jeopardy Productions, Inc. Join the discussion at JBoard.tv.